| 000 | 01864cam a2200433 a 4500 | ||
|---|---|---|---|
| 001 | 14096384 | ||
| 003 | OSt | ||
| 005 | 20210419051941.0 | ||
| 008 | 050902s2005 nyuab b 001 0beng | ||
| 010 | _a 2005044615 | ||
| 020 | _a9780684824901 (hardcover) | ||
| 020 | _a0684824906 (hardcover) | ||
| 040 |
_aDLC _cDLC _dDLC |
||
| 043 | _an-us--- | ||
| 050 | 0 | 0 |
_aE457.45 _b.G66 2005 |
| 080 |
_a92 _bG-64 |
||
| 082 | 0 | 0 |
_a973.7092 _aB _222 |
| 100 | 1 | _aGoodwin, Doris Kearns. | |
| 245 | 1 | 0 |
_aTeam of rivals : _bthe political genius of Abraham Lincoln / _cDoris Kearns Goodwin. |
| 260 |
_aNew York : _bSimon & Schuster, _cc2005. |
||
| 300 |
_axix, 916 p. : _bill., maps ; _c25 cm. |
||
| 365 | _b35 usd | ||
| 504 | _aIncludes bibliographical references and index. | ||
| 600 | 1 | 0 |
_aLincoln, Abraham, _d1809-1865. |
| 600 | 1 | 0 |
_aLincoln, Abraham, _d1809-1865 _xFriends and associates. |
| 650 | 0 |
_aPolitical leadership _zUnited States _vCase studies. |
|
| 650 | 0 |
_aGenius _vCase studies. |
|
| 650 | 0 |
_aPresidents _zUnited States _vBiography. |
|
| 651 | 0 |
_aUnited States _xPolitics and government _y1861-1865. |
|
| 653 | _aისტორია | ||
| 653 | _aამერიკის შეერთებული შტატების ისტორია | ||
| 653 | _aპრეზიდენტები | ||
| 856 | 4 | 2 |
_3Publisher description _uhttp://www.loc.gov/catdir/enhancements/fy0631/2005044615-d.html |
| 856 | 4 | 1 |
_3Table of contents only _uhttp://www.loc.gov/catdir/enhancements/fy0631/2005044615-t.html |
| 856 | 4 | 1 |
_3Sample text _uhttp://www.loc.gov/catdir/enhancements/fy0641/2005044615-s.html |
| 906 |
_a7 _bcbc _corignew _d1 _eocip _f20 _gy-gencatlg |
||
| 942 |
_2udc _cBK |
||
| 999 |
_c220 _d220 |
||